000 00544nam a2200193Ia 4500
001 10108
003 GE_BSU
008 181216s||||||||xx |||||||||||||| ||und||
040 _cGE_BSU
080 _a821.353.1–1
245 _aლექსები
245 _cრედ.გ.კაჭახიძე.მხატვ.დ.ქუთათელაძე
260 _aთბილისი
260 _bსაბჭ.მწერალი
260 _c1952
300 _a75გვ.18სმ.
653 _aლექსები
942 _cBK
999 _c43380
_d43380